| 000 | 01096nam0a2200313 4500 | ||
|---|---|---|---|
| 001 | RU\NLR\bibl\1666707 | ||
| 005 | 20260405214055.0 | ||
| 010 |
_a978-5-91078-094-5 _92000 |
||
| 021 |
_aRU _b2010-54161 _93562 |
||
| 035 | _a(NLR Aleph) 001657980 | ||
| 090 |
_a963450 _c963450 |
||
| 100 | _a20100823d2009 |||y0rusy50 ca | ||
| 101 | 0 | _arus | |
| 102 | _aRU | ||
| 105 | _aa ||||||||| | ||
| 200 | 1 |
_aЛюбим, верим и побеждаем _eметафизика любви _fСтелла Амарис |
|
| 210 |
_aПенза _cЗолотое сечение _d2009 |
||
| 215 |
_a256 с. _cил. _d21 |
||
| 225 | 1 |
_aЭпоха последней битвы _vкн. 3 |
|
| 517 | 0 | _aМетафизика любви | |
| 606 | 1 |
_aЭзотерические учения _91568890 _3RU\NLR\auth\66986948 |
|
| 686 | _aЭ391,0 | ||
| 700 | 1 |
_4070 _8rus _7ca _aАмарис _bС. _gСтелла _3RU\NLR\auth\7797064 _979990 |
|
| 801 | 0 |
_aRU _bNLR _c20100823 _gRCR |
|
| 801 | 1 |
_aRU _bNLR _c20100823 |
|
| 942 | _cBOOK | ||
| 980 | _aNB | ||